000 00289nam a22001337a 4500
008 170731b xxu||||| |||| 00| 0 eng d
020 _a3540569774
041 _ager
080 _a004
100 _a32
101 _aSHK
245 _aINFORMATIONS-WIRTSCHAFT
_cJANKO,W.H
942 _2udc
_cBK
999 _c22248
_d22248